00544nam a2200157 i 4500001000700000003000900007007000300016008004100019100002900060245007300089260003700162300002800199852002100227999001900248952011900267104280ES-MaACLt|051125s1928 fr ||||1| fre d1 aMignard, Maurice.98098812aL'unité psychique et les troubles mentaux / cpar Maurice Mignard. aParis : bFélix Alcan, c1928. aXIII, 318 p. ; c23 cm. aES-MaACLjB-5591 c104280d104280 00104070aATENEOMbATENEOMcSPBd2008-01-17eSCl0oB-5591p1108875r2023-02-23 00:00:00w2023-02-23yMONOGRAFIA